[Event "JAGI 0"]
[Site "SchemingMind.com"]
[Date "2023.12.01"]
[Round "-"]
[White "JAHI"]
[Black "Chessibelle"]
[Result "1-0"]
[WhiteCountry "INT"]
[BlackCountry "ENG"]
[WhiteElo "2204"]
[WhiteRD "80"]
[BlackElo "1043"]
[BlackRD "61"]
[GameID "739590"]

1. a3 d5 2. a4 Nf6 3. Na3 e6 4. d3 Be7 5. Bg5 O-O 6. e3 Nc6 7. Nf3 b6 8. Nd2 h6 9. Bxf6 Bxf6 10. c3 Bg5
11. Be2 f5 12. Kf1 a5 13. Nc2 Ne5 14. Kg1 c5 15. h3 Bb7 16. Rh2 Qd6 17. f3 Bd8 18. f4 Ng6 19. d4 Bc7 20. Na3 Qd7
21. Nf3 Qe7 22. Nb5 Bb8 23. g3 Qf6 24. Ne5 Ne7 25. Nd7 Qg6 26. Rg2 Qe8 27. Nxf8 Kxf8 28. Bh5 g6 29. Bf3 Qf7 30. c4 Ba6
31. dxc5 bxc5 32. Rd2 Qf6 33. cxd5 Bb7 34. dxe6 Nc6 35. Rd7 Ba6 36. Rf7+ Kg8 37. Rxf6
1-0

[Event "JAGI 0"]
[Site "SchemingMind.com"]
[Date "2023.12.01"]
[Round "-"]
[White "LockettJ"]
[Black "JAHI"]
[Result "*"]
[WhiteCountry "ENG"]
[BlackCountry "INT"]
[WhiteElo "2062"]
[WhiteRD "106"]
[BlackElo "2155"]
[BlackRD "72"]
[GameID "739592"]

1. c4 f6 2. d4 f5 3. Nc3 Nf6 4. g3 a6 5. Bg2 a5 6. Bg5 Na6 7. e3 e6 8. Nge2 Bb4 9. a3 Bxc3+ 10. Nxc3 d6
11. b4 c6 12. O-O d5 13. b5 Nc7 14. b6 Na6 15. c5 h6 16. Bf4 Kf8 17. Bd6+ Kg8 18. Rc1 h5 19. h4 Ng4 20. Qd2 Nh6
21. Bf4 Nf7 22. Ne2 Nb8 23. f3 Nd7 24. Bc7 Qe7 25. e4 g6 26. exd5 cxd5 27. Rfe1 Nf8 28. Nc3 Qf6 29. f4 Kh7 30. Nb5 Bd7
31. Na7 Nd8 32. c6 Nxc6 33. Nxc6 Bxc6 34. Rxc6 bxc6 35. b7 Rd8 36. b8=Q Rxb8 37. Bxb8 Nd7 38. Bd6 Ra8
*

[Event "JAGI 0"]
[Site "SchemingMind.com"]
[Date "2023.12.01"]
[Round "-"]
[White "Chesswitchery"]
[Black "JAHI"]
[Result "0-1"]
[WhiteCountry "USA"]
[BlackCountry "INT"]
[WhiteElo "1593"]
[WhiteRD "63"]
[BlackElo "2204"]
[BlackRD "80"]
[GameID "739593"]

1. d4 f6 2. c4 f5 3. Nf3 Nf6 4. Nc3 a6 5. Bg5 a5 6. e3 Na6 7. Bxf6 exf6 8. Bd3 g6 9. a3 Qe7 10. Nd5 Qg7
11. O-O b6 12. c5 Bb7 13. Bxa6 Bxd5 14. Be2 c6 15. cxb6 Bd6 16. b4 axb4 17. axb4 Ke7 18. Rxa8 Rxa8 19. Qd2 Ra2 20. Qd3 Be4
21. Qc4 Rb2 22. b7 Qf8 23. Re1 Rxb4 24. Qa6 Qb8 25. Nd2 Bxh2+ 26. Kh1 Rxb7
0-1

[Event "JAGI 0"]
[Site "SchemingMind.com"]
[Date "2023.11.27"]
[Round "-"]
[White "eliecercruzr"]
[Black "roscoe"]
[Result "1-0"]
[WhiteCountry "CUB"]
[BlackCountry "USA"]
[WhiteElo "2300"]
[WhiteRD "62"]
[BlackElo "1221"]
[BlackRD "101"]
[GameID "739601"]

1. e4 d6 2. d4 Nf6 3. Nc3 Nc6 4. d5 Ne5 5. f4 Bg4 6. Qd4 c5 7. Qe3 Ng6 8. f5 Ne5 9. h3 Bxf5 10. exf5 a6
11. Nf3 b5 12. Nxe5 Qc8 13. Nc6 Qc7 14. Nxb5 axb5 15. Bxb5 Nxd5 16. Ne5+ Kd8 17. Nxf7+ Kc8 18. Qe6+ Kb7 19. Qxd5+
1-0

[Event "JAGI 0"]
[Site "SchemingMind.com"]
[Date "2023.11.27"]
[Round "-"]
[White "Steven DuCharme"]
[Black "eliecercruzr"]
[Result "0-1"]
[WhiteCountry "USA"]
[BlackCountry "CUB"]
[WhiteElo "1561"]
[WhiteRD "59"]
[BlackElo "2300"]
[BlackRD "62"]
[GameID "739602"]

1. Nf3 d5 2. g3 Nf6 3. Bg2 c5 4. O-O e6 5. b3 Be7 6. Bb2 O-O 7. d3 Nc6 8. Nbd2 Qc7 9. e4 d4 10. a3 Rd8
11. Re1 e5 12. h3 h6 13. Nf1 Be6 14. Kh2 b5 15. Ng1 c4 16. dxc4 bxc4 17. bxc4 Bxc4 18. Nd2 Be6 19. Rc1 Rab8
0-1

[Event "JAGI 0"]
[Site "SchemingMind.com"]
[Date "2023.11.27"]
[Round "-"]
[White "Kenny Elliott"]
[Black "eliecercruzr"]
[Result "0-1"]
[WhiteCountry "USA"]
[BlackCountry "CUB"]
[WhiteElo "1449"]
[WhiteRD "89"]
[BlackElo "2300"]
[BlackRD "62"]
[GameID "739603"]

1. d4 Nf6 2. c4 e6 3. Nf3 d5 4. Bg5 dxc4 5. Qa4+ Nbd7 6. Ne5 Be7 7. Nxd7 Bxd7 8. Qxc4 Rc8 9. g3 c5 10. Nc3 Bc6
11. f3 cxd4 12. O-O-O Qa5 13. Qxd4 Qxg5+ 14. e3 Bxf3 15. Be2 Bxe2 16. Qa4+ b5 17. Qa6 O-O 18. Rde1 Qxe3+ 19. Kb1 Rxc3 20. Rc1 Rxc1+
21. Rxc1 Bd3+ 22. Ka1 Qxc1#
0-1

[Event "JAGI 0"]
[Site "SchemingMind.com"]
[Date "2023.11.27"]
[Round "-"]
[White "Derek Price"]
[Black "eliecercruzr"]
[Result "1/2-1/2"]
[WhiteCountry "ENG"]
[BlackCountry "CUB"]
[WhiteElo "2358"]
[WhiteRD "67"]
[BlackElo "2300"]
[BlackRD "62"]
[GameID "739604"]

1. c4 c5 2. Nf3 Nc6 3. Nc3 Nf6 4. g3 e6 5. Bg2 d5 6. cxd5 Nxd5 7. O-O Be7 8. d4 O-O 9. Nxd5 exd5 10. dxc5 Bxc5
11. Bg5 f6 12. Bd2 Bb6 13. Bc3 Bf5 14. e3 Be4 15. Qb3 Qe7 16. Rad1 Rfd8 17. Rd2 Na5 18. Bxa5 Bxa5 19. Rdd1 Bb6 20. Nd4 Bxg2
21. Kxg2 Qe4+ 22. Kg1 Rac8 23. Rd2=
1/2-1/2

[Event "JAGI 0"]
[Site "SchemingMind.com"]
[Date "2023.11.26"]
[Round "-"]
[White "eliecercruzr"]
[Black "Archon"]
[Result "1-0"]
[WhiteCountry "CUB"]
[BlackCountry "CAN"]
[WhiteElo "2300"]
[WhiteRD "62"]
[BlackElo "1735"]
[BlackRD "62"]
[GameID "739605"]

1. e4 g6 2. d4 Bg7 3. Nc3 d6 4. Nf3 a6 5. Be2 Nf6 6. O-O O-O 7. a4 b6 8. Re1 Bb7 9. e5 dxe5 10. Nxe5 Nbd7
11. Bf3 Bxf3 12. Qxf3 Nxe5 13. dxe5 Nd7 14. Qg3 Nc5 15. a5 Ne6 16. axb6 cxb6 17. f4 Nc5 18. Be3 Rc8 19. Red1 Qc7 20. b4 Ne6
21. Nd5 Qb7 22. Bxb6 Rxc2 23. b5 a5 24. Rxa5 Rfc8 25. Ra7 Qxd5 26. Rxd5 Rc1+ 27. Kf2 R8c2+ 28. Ke3 Rc3+ 29. Rd3 Bh6 30. Rxc3 Bxf4+
31. Ke4
1-0

[Event "JAGI 0"]
[Site "SchemingMind.com"]
[Date "2023.11.27"]
[Round "-"]
[White "eliecercruzr"]
[Black "Phillip Beckett"]
[Result "1-0"]
[WhiteCountry "CUB"]
[BlackCountry "ENG"]
[WhiteElo "2300"]
[WhiteRD "62"]
[BlackElo "1509"]
[BlackRD "51"]
[GameID "739606"]

1. e4 e5 2. Nf3 Nc6 3. Bc4 Nf6 4. d3 Be7 5. O-O d6 6. a3 O-O 7. h3 h6 8. Re1 a6 9. Nc3 Nh7 10. Nd5 Nd4
11. Nxd4 exd4 12. c3 dxc3 13. bxc3 c6 14. Nxe7+ Qxe7 15. d4 Be6 16. Bd3 d5 17. e5 f6 18. a4 fxe5 19. Rxe5 Qf6 20. Ra2 Ng5
21. Bxg5 Qf7 22. Bc1 Rae8 23. Ba3 Bd7 24. Bxf8 Rxf8 25. Rae2
1-0

[Event "JAGI 0"]
[Site "SchemingMind.com"]
[Date "2023.11.26"]
[Round "-"]
[White "pmdpsp"]
[Black "eliecercruzr"]
[Result "0-1"]
[WhiteCountry "GER"]
[BlackCountry "CUB"]
[WhiteElo "1688"]
[WhiteRD "77"]
[BlackElo "2300"]
[BlackRD "62"]
[GameID "739607"]

1. d4 e6 2. e4 d5 3. Nc3 Nf6 4. Bb5+ c6 5. Ba4 b5 6. Bb3 b4 7. e5 bxc3 8. exf6 Bb4 9. fxg7 cxb2+ 10. Bd2 Bxd2+
11. Kxd2 Qg5+ 12. Ke1 Qxg7 13. Rb1 Ba6 14. g3 e5 15. Qd2 O-O 16. Kd1 Nd7 17. Rxb2 exd4 18. Ba4 Nc5 19. Bxc6 Ne4 20. Qe1 d3
0-1

[Event "JAGI 0"]
[Site "SchemingMind.com"]
[Date "2023.11.26"]
[Round "-"]
[White "malcolm chugg"]
[Black "eliecercruzr"]
[Result "0-1"]
[WhiteCountry "WLS"]
[BlackCountry "CUB"]
[WhiteElo "1144"]
[WhiteRD "50"]
[BlackElo "2300"]
[BlackRD "62"]
[GameID "739608"]

1. Nf3 d5 2. e3 c5 3. d4 Nc6 4. h3 Nf6 5. Bd3 c4 6. Be2 Bf5 7. a3 e6 8. Bd2 Bd6 9. Nh4 Be4 10. Bc3 b5
11. f3 Bg3+ 12. Kf1 Bxh4 13. Nd2 Bg6 14. b4 Nh5 15. Kg1 Ng3 16. Rh2 Bxc2 17. Qxc2 Nxe2+ 18. Kf1 Ng3+ 19. Kg1 Qg5 20. f4 Ne2+
21. Kf1 Qg3 22. Nf3 Qf2#
0-1

[Event "JAGI 0"]
[Site "SchemingMind.com"]
[Date "2023.11.26"]
[Round "-"]
[White "eliecercruzr"]
[Black "Chessibelle"]
[Result "1-0"]
[WhiteCountry "CUB"]
[BlackCountry "ENG"]
[WhiteElo "2300"]
[WhiteRD "62"]
[BlackElo "1087"]
[BlackRD "54"]
[GameID "739609"]

1. e4 e5 2. Nf3 Nc6 3. Bc4 h6 4. O-O Nf6 5. d4 Bd6 6. c3 O-O 7. Re1 b6 8. Nbd2 Na5 9. dxe5 Nxc4 10. Nxc4 Bc5
11. exf6 Qxf6 12. Be3 Be7 13. Bd4 Qc6 14. Ne3 Qxe4 15. Nf1 Qc6 16. Rxe7 Bb7 17. Ne3 f6 18. Qb3+ Kh8 19. Nh4 Qd6 20. Ng6+ Kh7
21. Nf5 Qc6 22. Rxg7#
1-0

[Event "JAGI 0"]
[Site "SchemingMind.com"]
[Date "2023.12.01"]
[Round "-"]
[White "eliecercruzr"]
[Black "JAHI"]
[Result "1-0"]
[WhiteCountry "CUB"]
[BlackCountry "INT"]
[WhiteElo "2383"]
[WhiteRD "60"]
[BlackElo "2197"]
[BlackRD "74"]
[GameID "739610"]

1. e4 f6 2. d4 a6 3. Nf3 a5 4. Bd3 Na6 5. c3 e6 6. O-O Be7 7. Be3 Kf8 8. Nbd2 b6 9. e5 Bb7 10. Qc2 Qe8
11. a3 Qh5 12. b4 Nb8 13. Be4 Nc6 14. b5 Nd8 15. Bxb7 Nxb7 16. c4 fxe5 17. Nxe5 Nf6 18. Ne4 Ng4 19. Nxg4 Qxg4 20. c5 Qf5
21. f3 Kf7 22. g4 Qd5 23. Rac1 Raf8 24. Nc3 Qc4 25. Qe4 Nd8 26. Qf4+ Kg8 27. Qxc7 Qd3 28. Qe5 h6 29. Qe4 Qc4 30. a4 h5
31. g5 Nf7 32. h4 bxc5 33. dxc5 Qxe4 34. Nxe4 Ne5 35. f4 Ng6 36. Rcd1 Rd8 37. Nd6 Nxh4 38. Nb7 Kf7 39. b6 Nf5 40. Bf2 Ke8
41. Nxd8 Bxd8 42. Rfe1 Ke7 43. c6 Nd6 44. f5 Re8 45. b7 Bc7 46. Bc5 Bb8 47. Rd3 Rg8 48. Red1 dxc6 49. Rxd6 Bxd6 50. Rxd6 Rb8
51. Rxe6+ Kd8 52. Re7 h4 53. f6 gxf6 54. gxf6 Rxb7 55. Rxb7 h3 56. f7 h2+ 57. Kxh2 Kc8 58. Ra7 Kd8 59. f8=Q#
1-0

[Event "JAGI 0"]
[Site "SchemingMind.com"]
[Date "2023.11.27"]
[Round "-"]
[White "LockettJ"]
[Black "eliecercruzr"]
[Result "0-1"]
[WhiteCountry "ENG"]
[BlackCountry "CUB"]
[WhiteElo "2094"]
[WhiteRD "92"]
[BlackElo "2292"]
[BlackRD "59"]
[GameID "739612"]

1. c4 e5 2. Nc3 Nf6 3. g3 Bb4 4. e4 Nc6 5. Bg2 d6 6. Nge2 Bc5 7. O-O h5 8. h3 h4 9. g4 Nxg4 10. hxg4 Bxg4
11. Kh2 g5 12. d3 Be6 13. Qd2 g4 14. Qg5 Qxg5 15. Bxg5 g3+ 16. fxg3 hxg3+ 17. Kxg3 Rh5 18. Be3 Bxe3 19. Rh1 Rxh1 20. Rxh1 Kd7
21. Kf3 Bc5 22. a3 Nd4+ 23. Ke3 Nb3+ 24. d4 exd4+
0-1

[Event "JAGI 0"]
[Site "SchemingMind.com"]
[Date "2023.11.26"]
[Round "-"]
[White "Chesswitchery"]
[Black "eliecercruzr"]
[Result "0-1"]
[WhiteCountry "USA"]
[BlackCountry "CUB"]
[WhiteElo "1621"]
[WhiteRD "62"]
[BlackElo "2300"]
[BlackRD "62"]
[GameID "739613"]

1. d4 Nf6 2. c4 e6 3. Nf3 d5 4. e3 Be7 5. Nc3 O-O 6. Bd3 dxc4 7. Bxc4 a6 8. O-O b5 9. Bd3 Bb7 10. e4 c5
11. dxc5 Nbd7 12. b4 a5 13. e5 Bxf3 14. Qxf3 Nxe5 15. Bxh7+ Nxh7 16. Qe4 axb4 17. Rd1 Qa5
0-1

[Event "JAGI 0"]
[Site "SchemingMind.com"]
[Date "2023.11.27"]
[Round "-"]
[White "eliecercruzr"]
[Black "Tintinyana"]
[Result "1-0"]
[WhiteCountry "CUB"]
[BlackCountry "RSA"]
[WhiteElo "2309"]
[WhiteRD "60"]
[BlackElo "1451"]
[BlackRD "93"]
[GameID "739614"]

1. e4 e5 2. Nf3 Nf6 3. Nxe5 Nc6 4. Nxc6 dxc6 5. f3 Bc5 6. c3 O-O 7. d4 Bb6 8. Be3 Qe7 9. a4 a6 10. Nd2 c5
11. Nc4 cxd4 12. Nxb6 cxb6 13. Qxd4 Re8 14. Be2 Bd7 15. O-O b5 16. axb5 Bxb5 17. Bxb5 axb5 18. Rxa8
1-0

[Event "JAGI 0"]
[Site "SchemingMind.com"]
[Date "2023.11.26"]
[Round "-"]
[White "roscoe"]
[Black "LockettJ"]
[Result "0-1"]
[WhiteCountry "USA"]
[BlackCountry "ENG"]
[WhiteElo "1202"]
[WhiteRD "102"]
[BlackElo "2094"]
[BlackRD "92"]
[GameID "739615"]

1. d4 f5 2. c4 e6 3. Nc3 Nf6 4. Nf3 Bb4 5. a3 Bxc3+ 6. bxc3 O-O 7. g3 d6 8. Bg2 Qe8 9. O-O e5 10. c5 e4
11. Ng5 h6 12. Qb3+ d5 13. Nh3 Nc6 14. Bf4 Qe7 15. c4 Na5 16. Qa2 Nxc4 17. Be5 Nxe5 18. dxe5 Qxe5 19. Rad1 c6 20. Nf4 Rd8
21. Ng6 Qe8 22. Nf4 Qe7 23. Rc1 g5 24. Ng6 Qe8 25. Ne5 Qxe5 26. e3 f4 27. exf4 gxf4 28. gxf4 Qxf4 29. Rc3 Kh7 30. f3 e3
31. Qc2+ Kh8 32. Re1 d4 33. Rd3 Bf5
0-1

[Event "JAGI 0"]
[Site "SchemingMind.com"]
[Date "2023.11.28"]
[Round "-"]
[White "LockettJ"]
[Black "Derek Price"]
[Result "0-1"]
[WhiteCountry "ENG"]
[BlackCountry "ENG"]
[WhiteElo "2085"]
[WhiteRD "95"]
[BlackElo "2345"]
[BlackRD "69"]
[GameID "739616"]

1. c4 e5 2. Nc3 Nf6 3. g3 Nc6 4. Bg2 Bc5 5. Nf3 d6 6. d3 O-O 7. O-O h6 8. a3 a6 9. b4 Ba7 10. Bb2 Nd4
11. Nxd4 exd4 12. Nd5 Nxd5 13. Bxd5 c6 14. Bg2 Re8 15. Re1 Bf5 16. Qd2 Re5 17. e3 dxe3 18. fxe3 Re8 19. d4 d5 20. Qe2 Qd7
21. c5 Re7 22. Bc3 Rae8 23. Bd2 Bb8 24. a4 Bg4 25. Bf3 Bxf3 26. Qxf3 Bc7 27. b5 axb5 28. axb5 cxb5 29. Ra7 Rb8 30. Rf1 g6
31. Bb4 Re6 32. Bd2 h5 33. Ra2 Bd8 34. Rfa1 Bg5 35. Ra5 Rbe8 36. R1a3 Rf6 37. Qe2 b4 38. Bxb4 Qf5 39. Bd2 Qe4 40. Ra8 Rxa8
41. Rxa8+ Kg7 42. Ra1 h4 43. gxh4 Rf4 44. hxg5 Rg4+ 45. Kf1 Qh1+
0-1

[Event "JAGI 0"]
[Site "SchemingMind.com"]
[Date "2023.11.27"]
[Round "-"]
[White "LockettJ"]
[Black "pmdpsp"]
[Result "1-0"]
[WhiteCountry "ENG"]
[BlackCountry "GER"]
[WhiteElo "2094"]
[WhiteRD "91"]
[BlackElo "1688"]
[BlackRD "77"]
[GameID "739617"]

1. c4 g5 2. d4 h6 3. h4 gxh4 4. Nc3 b6 5. Bf4 Bb7 6. e4 Bg7 7. Rxh4 e5 8. Qg4 Kf8 9. dxe5 Nc6 10. Nf3 Nce7
11. O-O-O Bc8 12. Rh5 d5 13. Qg3 c6 14. cxd5 cxd5 15. exd5 Ng6 16. e6 Nxf4 17. Qxf4 Qe7 18. Rf5 Nf6 19. Ne5 Ke8 20. exf7+ Kf8
21. Ng6+ Kxf7 22. Nxe7
1-0

[Event "JAGI 0"]
[Site "SchemingMind.com"]
[Date "2023.11.27"]
[Round "-"]
[White "Chessibelle"]
[Black "LockettJ"]
[Result "0-1"]
[WhiteCountry "ENG"]
[BlackCountry "ENG"]
[WhiteElo "1087"]
[WhiteRD "54"]
[BlackElo "2094"]
[BlackRD "91"]
[GameID "739618"]

1. Nf3 d5 2. e3 Nf6 3. d4 c5 4. Bd2 cxd4 5. Bb5+ Bd7 6. Bd3 dxe3 7. Bxe3 Nc6 8. g3 e5 9. Bd2 e4 10. Be2 exf3
11. Bxf3 Bh3 12. Rg1 Qb6 13. b3 O-O-O 14. g4 Re8+ 15. Be2 Bc5 16. c4 Bxf2#
0-1

[Event "JAGI 0"]
[Site "SchemingMind.com"]
[Date "2023.11.27"]
[Round "-"]
[White "LockettJ"]
[Black "Chesswitchery"]
[Result "1-0"]
[WhiteCountry "ENG"]
[BlackCountry "USA"]
[WhiteElo "2094"]
[WhiteRD "91"]
[BlackElo "1621"]
[BlackRD "62"]
[GameID "739620"]

1. c4 e5 2. Nc3 Nf6 3. g3 c6 4. Bg2 d5 5. Nf3 Bd6 6. cxd5 cxd5 7. O-O O-O 8. d3 Nc6 9. Bg5 Be6 10. Bxf6 Qxf6
11. Nd2 d4 12. Nce4 Qe7 13. Nxd6 Qxd6 14. Qa4 Bd5 15. Ne4 Bxe4 16. Bxe4 f5 17. Bg2 a6 18. Qb3+ Kh8 19. Qxb7 Na5 20. Qd5 Qxd5
21. Bxd5 Rab8 22. b3 Rbd8 23. Bc4 Nxc4 24. bxc4 e4 25. Rab1 exd3 26. exd3 Rfe8 27. Rfe1 Rxe1+ 28. Rxe1 g6 29. Re7 h6 30. h4 h5
31. Ra7 Rd6 32. Kg2 Kg8 33. Kf3 Kf8 34. Kf4 Re6 35. Kg5 Ke8 36. c5 Kd8 37. Rg7 Rc6 38. Rxg6 Rxg6+ 39. Kxg6 Kd7 40. Kxh5 Kc6
41. Kg5 Kxc5 42. h5 Kb4 43. h6
1-0

[Event "JAGI 0"]
[Site "SchemingMind.com"]
[Date "2023.11.26"]
[Round "-"]
[White "roscoe"]
[Black "Chesswitchery"]
[Result "0-1"]
[WhiteCountry "USA"]
[BlackCountry "USA"]
[WhiteElo "1221"]
[WhiteRD "101"]
[BlackElo "1621"]
[BlackRD "62"]
[GameID "739622"]

1. d4 d5 2. c4 e6 3. Nc3 c5 4. Nf3 Nc6 5. e4 cxd4 6. Nxd4 Nge7 7. c5 Bd7 8. Bb5 a6 9. Bxc6 Bxc6 10. O-O g6
11. Nxc6 bxc6 12. exd5 cxd5 13. Re1 Bg7 14. g3 O-O 15. Rb1 Bxc3 16. bxc3 Qa5 17. Qc2 Qxc5 18. Re2 Nf5 19. a4 Rac8 20. Be3 Qxc3
21. Qxc3 Rxc3 22. Bf4 Nd4 23. Be5 Nxe2+ 24. Kg2 Rc1 25. Rb2 Rg1+ 26. Kh3 Re1 27. Bd6 Rc8 28. Bb4 Nc3
0-1

[Event "JAGI 0"]
[Site "SchemingMind.com"]
[Date "2023.11.27"]
[Round "-"]
[White "Chesswitchery"]
[Black "Derek Price"]
[Result "0-1"]
[WhiteCountry "USA"]
[BlackCountry "ENG"]
[WhiteElo "1621"]
[WhiteRD "62"]
[BlackElo "2358"]
[BlackRD "67"]
[GameID "739623"]

1. d4 d5 2. c4 c6 3. Nf3 Nf6 4. e3 e6 5. Nc3 Nbd7 6. Bd2 Bd6 7. cxd5 exd5 8. Bd3 O-O 9. O-O Re8 10. Re1 Ne4
11. Rc1 Ndf6 12. h3 Bf5 13. Bc2 Qd7 14. Nh4 Bxh3 15. Nxe4 dxe4 16. f3 Bg3 17. Re2 Bxh4 18. gxh3 exf3
0-1

[Event "JAGI 0"]
[Site "SchemingMind.com"]
[Date "2023.11.27"]
[Round "-"]
[White "Tintinyana"]
[Black "Chesswitchery"]
[Result "0-1"]
[WhiteCountry "RSA"]
[BlackCountry "USA"]
[WhiteElo "1451"]
[WhiteRD "93"]
[BlackElo "1570"]
[BlackRD "59"]
[GameID "739624"]

1. e4 d5 2. Nf3 dxe4 3. Ng5 Nf6 4. d3 h6 5. Nxe4 Nxe4 6. dxe4 Qxd1+ 7. Kxd1 e5 8. Bc4 Nc6 9. Be3 Bd6 10. a3 O-O
11. Nd2 a6 12. Ke2 b5 13. Bd5 Bd7 14. c3 Rad8 15. f3 Ne7 16. Ba2 Ng6 17. g3 c5 18. Rad1 Rfe8 19. h4 c4 20. Bb1 Be6
21. h5 Ne7 22. Bc2 f5 23. Kf2 f4 24. gxf4 exf4 25. Bd4 Nc6 26. Rdg1 Nxd4 27. cxd4 Bc5
0-1

[Event "JAGI 0"]
[Site "SchemingMind.com"]
[Date "2023.11.27"]
[Round "-"]
[White "Tintinyana"]
[Black "roscoe"]
[Result "1-0"]
[WhiteCountry "RSA"]
[BlackCountry "USA"]
[WhiteElo "1680"]
[WhiteRD "98"]
[BlackElo "1221"]
[BlackRD "101"]
[GameID "739625"]

1. e4 d6 2. d4 Nf6 3. Nc3 Nc6 4. f3 d5 5. e5 Ng8 6. f4 e6 7. Nf3 Bb4 8. Bb5 Ne7 9. O-O O-O 10. Ne2 a6
11. Bd3 Nf5 12. c3 Ba5 13. Qe1 b5 14. g4 Nfe7 15. Bxh7+ Kxh7 16. Qh4+ Kg8 17. Ng5
1-0